Statistics for Least Christian Countries with Exceptions

Click here to take the quiz!

General Stats

  • This quiz has been taken 14,990 times
    (14,778 since last reset)
  • The average score is 11 of 14

Answer Stats

%Country% Correct
2.3 - 4.0China
96%
2.3India
92%
2.3Japan
92%
8.2Vietnam
83%
2.2Laos
82%
1.2Thailand
82%
0.9Nepal
80%
1.0Cambodia
80%
1.7North Korea
78%
1.0Bhutan
75%
6.2Myanmar
75%
2.1Mongolia
72%
7.5Sri Lanka
62%
3.5Israel
39%

Score Distribution

Percentile by Number Answered

Percent of People with Each Score

Your Score History

You have not taken this quiz since the last reset